000 00286nam a22001337a 4500
008 170316b xxu||||| |||| 00| 0 eng d
020 _a9780073378091
041 _aeng
080 _23 ED
_a611
100 _a7
101 _aSHM
245 _aHUMAN ANATOMY
_cMCKILEY.M
942 _2udc
_cBK
999 _c7954
_d7954